000
00218 a2200097 4500
001
5936
100
_a
Ayres,F
245
_a
Theory and problems of differential equations
260
_a
_b
Schanm
_c
090
_c
4844
_d
4844
942
_a
NUST-CAE
_c
M
_c
31205
999
_c
241009
_d
241009